000 01385cam a2200349u 4500
001 5304
003 BD-RjUL
005 20211208234038.0
008 131224s1953 enk 001 0 eng d
035 _a(BD-RjUL)5340
040 _aDLC
_cCarP
_dDLC
_beng
041 _aeng
082 0 4 _a 347.05
_bRAY
245 0 0 _aRayden's Practice and law in the Divorce division of the High court of justice and on appeal therefrom /
_cEd by F.C Ottway
250 _a16th ed.
260 _aLondon,
_bButterworth & co. ltd.;
_aToronto,
_bButterworth & co. (Canada) ltd.; [etc., etc.]
_c1953
300 _acxxviii, 1123p. ;
_c26 cm.
504 _aIncludes Index
650 0 _aCivil procedure
_zGreat Britain.
_913474
650 0 _aDivorce
_zGreat Britain.
_913992
650 0 _aMarriage law
_zGreat Britain.
_916673
650 0 _aForms (Law)
_zGreat Britain.
_916674
700 1 _aMiddleton, Noel. [from old catalog]
_916675
700 1 _aWilkinson, Cyril Theodore Anstruther. [from old catalog]
_916676
700 1 _aMiller, John Compton,
_eed.
_916677
700 1 _aOttway, F. C., [from old catalog]
_ejoint ed.
_916678
710 1 _aGreat Britain.
_bHigh court of justice.
_bProbate, divorce and admiralty division. [from old catalog]
_916679
710 1 _aGreat Britain.
_kLaws, statutes, etc. [from old catalog]
_97580
942 _2ddc
_cBK
999 _c5304
_d5304